00454nam a2200169Ia 4500003000400000005001700004008004100021020001800062050002600080100002800106245006100134260003500195300003300230440000600263521000700269526000800276OSt20140314105249.0140130s9999 xx 000 0 und d a9780531187388 aRC 116.S8 b.T55 2008 aLewis Tilden, Thomasine aHelp! What's eating my flesh? /cThomasine Lewis Tilden. bScholastic,c2008.aNew York : a64 p. :bcol. ill. ;c24 cm. v1 aG4 c680